Top 100 MLB Players Entering 2025 - Statistics

General Stats
  • This quiz has been taken 3,205 times
  • The average score is 67 of 100
Answer Stats
Rank Team Position Player % Correct
2 Yankees RF Aaron Judge
99%
1 Dodgers DH Shohei Ohtani
99%
4 Mets RF Juan Soto
96%
8 Dodgers 1B Freddie Freeman
95%
5 Dodgers SS Mookie Betts
95%
3 Royals SS Bobby Witt Jr.
93%
12 Phillies 1B Bryce Harper
93%
6 Mets SS Francisco Lindor
93%
13 Blue Jays 1B Vladimir Guerrero Jr.
91%
15 Pirates SP Paul Skenes
90%
16 Braves RF Ronald Acuña Jr.
90%
9 Guardians 3B Jose Ramirez
89%
30 Astros 2B Jose Altuve
88%
22 Padres RF Fernando Tatis Jr.
87%
11 Tigers SP Tarik Skubal
87%
7 Astros LF Yordan Alvarez
86%
17 Rangers SS Corey Seager
85%
10 Orioles 3B Gunnar Henderson
85%
23 Mariners CF Julio Rodriguez
85%
18 Diamondbacks 2B Ketel Marte
84%
39 Angels CF Mike Trout
84%
31 Reds SS Elly De La Cruz
83%
29 Padres 3B Manny Machado
83%
26 Yankees SP Gerrit Cole
82%
14 Cubs RF Kyle Tucker
82%
21 Red Sox 3B Rafael Devers
82%
35 Phillies SS Trea Turner
81%
49 Mets 1B Pete Alonso
80%
19 Phillies SP Zack Wheeler
80%
37 Red Sox 3B Alex Bregman
79%
34 Braves 1B Matt Olson
78%
60 Dodgers C Will Smith
78%
86 Cardinals C Willson Contreras
77%
20 Braves SP Chris Sale
75%
32 Diamondbacks RF Corbin Carroll
73%
33 Braves 3B Austin Riley
72%
61 Brewers LF Christian Yelich
72%
42 Twins SS Carlos Correa
71%
28 Brewers C William Contreras
71%
63 Dodgers SP Yoshinobu Yamamoto
71%
36 Dodgers SP Blake Snell
70%
65 Phillies DH Kyle Schwarber
70%
38 Giants 3B Matt Chapman
69%
44 Yankees SP Max Fried
69%
52 Dodgers RF Teoscar Hernandez
69%
58 Orioles C Adley Rutschman
68%
59 Mariners C Cal Raleigh
68%
24 Padres CF Jackson Merrill
68%
47 Braves DH Marcell Ozuna
68%
25 Diamondbacks SP Corbin Burnes
67%
27 Red Sox LF Jarren Duran
67%
79 Royals C Salvador Perez
67%
68 Twins CF Byron Buxton
66%
72 Yankees CF Cody Bellinger
66%
80 Phillies C J.T. Realmuto
66%
62 Rangers 2B Marcus Semien
66%
76 Diamondbacks SP Zac Gallen
64%
70 Reds SP Hunter Greene
63%
54 Tigers LF Riley Greene
63%
41 Giants SS Willy Adames
63%
46 Athletics LF Brent Rooker
62%
57 Guardians RP Emmanuel Clase
62%
45 Astros SP Framber Valdez
62%
95 Cardinals 3B Nolan Arenado
62%
96 Yankees 1B Paul Goldschmidt
61%
50 Giants SP Logan Webb
60%
78 Athletics RP Mason Miller
60%
67 Braves CF Michael Harris II
60%
71 Dodgers SP Tyler Glasnow
60%
87 Mariners SP Bryce Miller
59%
93 Cubs SS Dansby Swanson
59%
56 Red Sox SP Garrett Crochet
58%
66 Guardians LF Steven Kwan
57%
48 Astros 1B Christian Walker
55%
99 Rangers SP Jacob deGrom
55%
51 Mariners SP Logan Gilbert
55%
77 Yankees RP Devin Williams
54%
40 Brewers LF Jackson Chourio
53%
73 Cubs RF Seiya Suzuki
53%
98 Nationals LF James Wood
52%
55 Padres SP Dylan Cease
50%
100 Dodgers SP Roki Sasaki
50%
64 Cubs SP Shota Imanaga
50%
43 Royals SP Cole Ragans
49%
91 Mets LF Brandon Nimmo
46%
74 Royals SP Seth Lugo
46%
75 Mariners SP George Kirby
45%
83 Padres 1B Luis Arraez
45%
81 Mets 3B Mark Vientos
45%
92 Cubs LF Ian Happ
43%
90 Athletics RF Lawrence Butler
43%
94 Cardinals SS Masyn Winn
43%
69 Padres SP Michael King
43%
88 Cubs SP Justin Steele
42%
82 Twins 3B Royce Lewis
42%
53 Blue Jays RF Anthony Santander
41%
84 Braves LF Jurickson Profar
38%
89 Tigers RF Kerry Carpenter
38%
97 Rangers LF Wyatt Langford
37%
85 Astros 3B Isaac Paredes
34%
No matching quizzes found
Score Distribution
Percent of People with Each Score
Percentile by Number Answered
Your Score History
You have not taken this quiz